000
00262nam a22001217a 4500
020
_a
978-0-7537-2084-4
082
_a
001
_b
CHA/T
245
_a
TELL ME WHERE?
260
_a
LONDON
_b
CHANCELLOR
300
_a
207
650
_a
GENERAL KNOWLEDGE
_z
LONDON
942
_c
BK
999
_c
2701
_d
2701